| 000 | 00371nam a2200133Ia 4500 | ||
|---|---|---|---|
| 008 | 210430s9999 xx 000 0 und d | ||
| 082 | _a320 E131 F | ||
| 100 |
_aDavid Easton _9496 |
||
| 245 | 2 |
_aA framework for Political Analysis / _cDavid Easton |
|
| 250 | _a4th edition | ||
| 260 |
_aIslamabad _bNational Book Foundation _c2010 |
||
| 300 | _a338p. | ||
| 942 |
_cBK _2ddc |
||
| 999 |
_c563387 _d563387 |
||